El reino de este mundo

Novela histórica que relata la revolución del pueblo haitiano ante el abuso y la opresión. Como personaje principal se encuentra Ti Noël quien siendo un esclavo, cuenta la historia de cómo el país pasó de ser gobernado por los franceses a la libertad de un pueblo entero

Gespeichert in:
Bibliographische Detailangaben
1. Verfasser: Carpentier, Alejo
Format: Buch
Sprache:Undetermined
Veröffentlicht: Chile Editorial Universitaria 1967
Schlagworte:
Tags: Tag hinzufügen
Keine Tags, Fügen Sie den ersten Tag hinzu!

MARC

LEADER 00000nam a2200000Ia 4500
008 170316s9999 xx 000 0 und d
040 |a cru BVZT 
090 |a 860 C-17ri 
100 |a Carpentier, Alejo  |9 1357 
245 |a El reino de este mundo 
260 |a Chile 
260 |b Editorial Universitaria 
260 |c 1967 
300 |a 157 páginas 
520 |a Novela histórica que relata la revolución del pueblo haitiano ante el abuso y la opresión. Como personaje principal se encuentra Ti Noël quien siendo un esclavo, cuenta la historia de cómo el país pasó de ser gobernado por los franceses a la libertad de un pueblo entero 
650 |a LITERATURA LATINOAMERICANA  |9 15 
999 |c 8501  |d 8501 
942 |c 4 D  |h 860 C-17ri  |2 z